Normal view
MARC view
- Hussain, Saleem
Entry Personal Name
001 - CONTROL NUMBER
- control field: 19249
003 - CONTROL NUMBER IDENTIFIER
- control field: NUST
005 - DATE AND TIME OF LATEST TRANSACTION
- control field: 20190816053608.0
008 - FIXED-LENGTH DATA ELEMENTS
- fixed length control field: 190816|| aca||aabn | a|a d
040 ## - CATALOGING SOURCE
- Original cataloging agency: NUST
- Transcribing agency: NUST
100 ## - HEADING--PERSONAL NAME
- Personal name: Hussain, Saleem
670 ## - SOURCE DATA FOUND
- Source citation: Work cat.: (NUST): Hussain, Saleem , Novel Techniques for Interface / Interphase Tailoring in Aramid - Epoxy Compositers and Effect on Mechanical / Thermo - Mechanical Properties /, 2015.
